Vista normal
Vista MARC
Entrada Personal Name
Número de registros utilizados en: 1
001 - CONTROL NUMBER
- control field: 741
003 - CONTROL NUMBER IDENTIFIER
- control field: OSt
005 - DATE AND TIME OF LATEST TRANSACTION
- control field: 20110811090103.0
008 - FIXED-LENGTH DATA ELEMENTS
- fixed length control field: 110811|||a|||||| | ||| d
040 ## - CATALOGING SOURCE
- Original cataloging agency: OSt
- Transcribing agency: OSt
100 ## - HEADING--PERSONAL NAME
- Personal name: Sánchez Alvarez Pedroza, César.
670 ## - SOURCE DATA FOUND
- Source citation: Work cat.: (OSt)780: Sánchez Alvarez Pedroza, César., Diagnóstico por imagen. Compendio de radiología clínica / , 1987.